| 000 | 01197cam a2200265 4500 | ||
|---|---|---|---|
| 001 | WB4007-18 | ||
| 008 | 040219n2004 000 0 eng u | ||
| 035 | _a(Sirsi) u125199 | ||
| 245 | _aCAP reform: winners and losers | ||
| 260 | _c2004 | ||
| 490 |
_aRICS Press Release _v(pr017) 17 February 2004 (2) |
||
| 520 | _aRICS considers that the proposed government mechanism for delivering a single payment to farmers will affect rental values of farmland. Some areas such as hill and moorland, and poorer grassland in lowland and disadvantaged areas will increase in capital value and short term rental values. However, in the livestock farming industry, the value of quotas will be lost and the value of beef cows may fall. RICS Press Release http://www.rics.org/ricscms/bin/show?class=PressRe lease&template=/includes/showpr.html&id=1114&facul ty=RICS | ||
| 590 | _aWB | ||
| 590 | _aWB | ||
| 650 | _aCAP REFORM | ||
| 650 | _aFARMING SUBSIDIES | ||
| 650 | _aFARMLAND RENTS | ||
| 650 | _aFARMLAND VALUES | ||
| 650 | _aRENTAL VALUES | ||
| 650 | _aCAPITAL VALUES | ||
| 650 | _aFARM QUOTAS | ||
| 650 | _aLIVESTOCK FARMING | ||
| 690 | _aRURAL-AGRICULTURE AND FORESTRY | ||
| 942 | _n0 | ||
| 999 |
_c117042 _d117042 |
||